Estudios sobre el léxico de las fábulas esópicas : (Record no. 131445)

MARC details
000 -LEADER
campo de control de longitud fija 00986nam a2200253 i 4500
001 - NÚMERO DE CONTROL
campo de control 131445
003 - IDENTIFICADOR DE NÚMERO DE CONTROL
campo de control ES-MaACL
005 - FECHA Y HORA DE LA ÚLTIMA TRANSACCIÓN
campo de control 20250819063059.0
007 - CAMPO FIJO DE DESCRIPCIÓN FÍSICA--INFORMACIÓN GENERAL
campo de control de longitud fija t|
008 - DATOS DE LONGITUD FIJA--INFORMACIÓN GENERAL
campo de control de longitud fija 070214s1948 sp |||| | spa d
080 ## - NÚMERO DE LA CLASIFICACIÓN DECIMAL UNIVERSAL
Número de la Clasificación Decimal Universal 821.14 Esopo 1.08
100 1# - ENTRADA PRINCIPAL--NOMBRE DE PERSONA
Nombre de persona Rodríguez Adrados, Francisco,
Fechas asociadas al nombre 1922-2020
Término indicativo de función/relación Autor
9 (RLIN) 98318
245 10 - MENCIÓN DEL TÍTULO
Título Estudios sobre el léxico de las fábulas esópicas :
Resto del título (en torno a los problemas de la koiné literaria) /
Mención de responsabilidad, etc. Francisco Rodríguez Adrados
260 ## - PUBLICACIÓN, DISTRIBUCIÓN, ETC.
Lugar de publicación, distribución, etc. Salamanca :
Nombre del editor, distribuidor, etc. Colegio Trilingüe de la Universidad,
Fecha de publicación, distribución, etc. 1948
300 ## - DESCRIPCIÓN FÍSICA
Extensión IX, 285 páginas ;
Dimensiones 26 cm
490 1# - MENCIÓN DE SERIE
Mención de serie Theses et studia philologica salmanticensia ;
Designación de volumen o secuencia 2
RLIN 183810
600 04 - PUNTO DE ACCESO ADICIONAL DE MATERIA--NOMBRE DE PERSONA
Nombre de persona Esopo-
Subdivisión general Lenguaje.
9 (RLIN) 165064
710 2# - ENTRADA AGREGADA--NOMBRE DE ENTIDAD CORPORATIVA
Nombre de entidad corporativa o nombre de jurisdicción como elemento de entrada Universidad de Salamanca.
Unidad subordinada Colegio Trilingüe
Término indicativo de función/relación Editor
9 (RLIN) 7281
830 #0 - PUNTO DE ACCESO ADICIONAL DE SERIE-TÍTULO UNIFORME
Título uniforme Theses et studia philologica salmanticensia ;
Designación de volumen o secuencia 2
9 (RLIN) 183810
852 4# - LOCALIZACIÓN
Ubicación ES-MaACL
Ubicación en estantería Sala Palomar
Número de control de estantería C-5234
942 ## - ELEMENTOS DE ENTRADA SECUNDARIOS (KOHA)
Fuente del sistema de clasificación o colocación Clasificación decimal universal
Tipo de ítem Koha Libro impreso
Suprimir en OPAC No
Holdings
Estatus retirado Estado de pérdida Estado de daño No para préstamo Biblioteca de origen Biblioteca actual Ubicación en estantería Fecha de adquisición Fuente de adquisición Total de préstamos Signatura topográfica completa Código de barras Visto por última vez Precio de reemplazo Tipo de ítem Koha
        Biblioteca del Ateneo de Madrid Biblioteca del Ateneo de Madrid Sala Palomar 17/01/2008     C-5234 1136843 23/02/2023 23/02/2023 Libro impreso